Statistics for Republican Primary Runner-Ups

Click here to take the quiz!

General Stats

  • This quiz has been taken 36 times
    (23 since last reset)
  • The average score is 10 of 18

Answer Stats

PercentageDateAnswer% Correct
25.08 percent2016Ted Cruz
100%
31.22 percent2000John McCain
88%
37.99 percent1968Ronald Reagan
88%
45.99 percent1976Ronald Reagan
88%
23.88 percent1980George H. W. Bush
75%
22.19 percent2008Mitt Romney
75%
35.81 percent1952Robert Taft
63%
19.21 percent1988Bob Dole
56%
0.52 percent1960Nelson Rockefeller
56%
22.11 percent1964Nelson Rockefeller
56%
20.81 percent1996Pat Buchanan
50%
23.00 percent1992Pat Buchanan
50%
2.35 percent2020Bill Weld
44%
20.44 percent2012Rick Santorum
44%
28.94 percent1944Douglas MacArthur
25%
0.19 percent1984Harold Stassen
25%
22.81 percent1948Harold Stassen
25%
5.11 percent1972John Ashbrook
6%

Score Distribution

Percentile by Number Answered

Percent of People with Each Score

Your Score History

You have not taken this quiz since the last reset